Logo BPK

Biblioteka

Politechniki Koszalińskiej

Organizacja i zarządzanie / (Rekord nr 31953)

Szczegóły MARC
000 -ETYKIETA REKORDU
podpole kontrolne o stałej długości 02278cam a2200625 i 4500
001 - NUMER KONTROLNY REKORDU
pole kontrolne 31953
003 - IDENTYFIKATOR NUMERU KONTROLNEGO REKORDU
podpole kontrolne KOSZ 005
005 - DATA OSTATNIEJ MODYFIKACJI REKORDU
podpole kontrolne 20250628063603.0
008 - POLE O STAŁEJ DŁUGOŚCI - DANE KONTROLNE
podpole kontrolne o stałej długości 250627s1996 pl a f 000 0 pol c
020 ## - MIĘDZYNARODOWY ZNORMALIZOWANY NUMER KSIĄŻKI - ISBN
ISBN 8370174701
035 ## - NUMER SYSTEMOWY
Numer systemowy przejętego rekordu vtls000588258-48omnis_network
035 ## - NUMER SYSTEMOWY
Numer systemowy przejętego rekordu xx003536612
035 ## - NUMER SYSTEMOWY
Numer systemowy przejętego rekordu xx001294413
035 ## - NUMER SYSTEMOWY
Numer systemowy przejętego rekordu zz2004882957
035 ## - NUMER SYSTEMOWY
Numer systemowy przejętego rekordu zz2007926495
035 ## - NUMER SYSTEMOWY
Numer systemowy przejętego rekordu xx002387588
035 ## - NUMER SYSTEMOWY
Numer systemowy przejętego rekordu dd2000306145
035 ## - NUMER SYSTEMOWY
Numer systemowy przejętego rekordu zz2003891087
035 ## - NUMER SYSTEMOWY
Numer systemowy przejętego rekordu xx001866918
035 ## - NUMER SYSTEMOWY
Numer systemowy przejętego rekordu zz2007820770
035 ## - NUMER SYSTEMOWY
Numer systemowy przejętego rekordu (PL)b0000060077161
035 ## - NUMER SYSTEMOWY
Numer systemowy przejętego rekordu 9912932318005606
040 ## - ŹRÓDŁO KATALOGOWANIA
Instytucja, która sporządziła opis WA N
Instytucja, która utworzyła rekord WA N
Instytucja, która dokonała modyfikacji KOSZ 005/RW
046 ## - DATY KODOWANE
Pojedyncza data lub początek okresu powstania dzieła lub zbioru dzieł 1993
080 ## - UNIWERSALNA KLASYFIKACJA DZIESIĘTNA - UKD
UKD 005
080 ## - UNIWERSALNA KLASYFIKACJA DZIESIĘTNA - UKD
UKD (075.8)
245 00 - TYTUŁ/ODPOWIEDZIALNOŚĆ
Tytuł Organizacja i zarządzanie /
Pozostałe elementy strefy tytułu i oznaczenia odpowiedzialności Alfred Czermiński [et al.] ; Uniwersytet Gdański.
250 ## - STREFA WYDANIA
Oznaczenie wydania Wydanie I (dodruk).
260 ## - STREFA ADRESU WYDAWNICZEGO
Miejsce wydania Gdańsk :
Nazwa wydawcy/dystrybutora Wydawnictwo Uniwersytetu Gdańskiego,
Data publikacji, dystrybucji/powstania dokumentu 1993.
300 ## - STREFA OPISU FIZYCZNEGO
Objętość 184 strony :
Inne cechy fizyczne rysunki, wykresy ;
Rozmiary 24 cm.
336 ## - TYP ZAWARTOŚCI
Termin opisujący typ zawartości Tekst
Kod określający zawartość txt
Źródło (terminu i kodu) rdacontent
337 ## - TYP MEDIÓW
Tryb odtwarzania Bez urządzenia pośredniczącego
Kod typu mediów n
Źródło (terminu i kodu) rdamedia
338 ## - TYP/RODZAJ NOŚNIKA
Hasło opisujące typ nośnika Wolumin
Kod typu nośnika nc
Źródło (terminu i kodu) rdacarrier
380 ## - FORMA I TYP PUBLIKACJI
Forma i typ publikacji Książki
380 ## - FORMA I TYP PUBLIKACJI
Forma i typ publikacji Publikacje dydaktyczne
385 ## - ODBIORCA
Kategoria grupowa odbiorcy Poziom nauczania
Odbiorca Szkoły wyższe
388 1# - CZAS POWSTANIA
Czas powstania 1901-2000
388 1# - CZAS POWSTANIA
Czas powstania 1989-2000
500 ## - UWAGI OGÓLNE
Tekst uwagi W obrębie wydania kolejne nakłady i dodruki w latach: 1994, 1995, 1996, 1997, 1998, 2000, 2001.
504 ## - UWAGA DOTYCZĄCA BIBLIOGRAFII
Informacje o bibliografii Bibliografia przy rozdziałach.
521 8# - UWAGA DOTYCZĄCA PRZEZNACZENIA CZYTELNICZEGO
Przeznaczenie czytelnicze Podręcznik dla studentów studiów dziennych uniwersytetów, uczelni ekonomicznych i technicznych oraz studiów zaocznych i podyplomowych.
650 #7 - HASŁO PRZEDMIOTOWE W FORMIE NAZWY OGÓLNEJ LUB JEDNOSTKOWEJ
Nazwa ogólna lub geograficzna Organizacja
Źródło hasła lub terminu DBN
650 #7 - HASŁO PRZEDMIOTOWE W FORMIE NAZWY OGÓLNEJ LUB JEDNOSTKOWEJ
Nazwa ogólna lub geograficzna Zarządzanie
Źródło hasła lub terminu DBN
655 #7 - TERMIN INDEKSOWY - OKREŚLENIE RODZAJU/FORMY DOKUMENTU
Określenie rodzaju/formy dokumentu Podręczniki akademickie
Źródło terminu DBN
658 ## - TERMIN INDEKSOWY - PRZEDMIOT PROGRAMU NAUCZANIA
Główny przedmiot programu nauczania Zarządzanie i marketing
700 1# - HASŁO DODATKOWE - NAZWA OSOBOWA
Nazwa osobowa Czermiński, Alfred
Daty związane z nazwą (1923-2011)
Określenie związku między hasłem a opisywanym materiałem Autor
700 1# - HASŁO DODATKOWE - NAZWA OSOBOWA
Nazwa osobowa Czerska, Małgorzata
Daty związane z nazwą (1946-2020)
Określenie związku między hasłem a opisywanym materiałem Autor
700 1# - HASŁO DODATKOWE - NAZWA OSOBOWA
Nazwa osobowa Nogalski, Bogdan
Daty związane z nazwą (1946- )
Określenie związku między hasłem a opisywanym materiałem Autor
700 1# - HASŁO DODATKOWE - NAZWA OSOBOWA
Nazwa osobowa Rutka, Ryszard
Daty związane z nazwą (1946- )
Określenie związku między hasłem a opisywanym materiałem Autor
710 2# - HASŁO DODATKOWE - NAZWA CIAŁA ZBIOROWEGO
Nazwa ciała zbiorowego lub jednostki geograficznej Uniwersytet Gdański
710 2# - HASŁO DODATKOWE - NAZWA CIAŁA ZBIOROWEGO
Nazwa ciała zbiorowego lub jednostki geograficznej Wydawnictwo Uniwersytetu Gdańskiego
Kod określenia powiązania pbl
856 ## - LOKALIZACJA I DOSTĘP DO ELEKTRONICZNYCH DOKUMENTÓW ZDALNYCH
Link (URL) https://koha.tu.koszalin.pl/cgi-bin/koha/opac-detail.pl?biblionumber=31953
Tekst linku Katalog online BPK
942 ## - DODATKOWE ELEMENTY (KOHA)
Schemat klasyfikacji Uniwersalna Klasyfikacja Dziesiętna
Typ dokumentu Książka
Egzemplarze
Wycofany Status egzemplarza Uszkodzony Dostępność Lokalizacja stała Lokalizacja bieżąca Miejsce przechowywania Sygnatura Kod kreskowy Typ dokumentu Numer ubytku
      Dostępny Biblioteka Politechniki Koszalińskiej Biblioteka Politechniki Koszalińskiej Wypożyczalnia BG 40014 01266276 Książka  
      Dostępny Biblioteka Politechniki Koszalińskiej Biblioteka Politechniki Koszalińskiej Wypożyczalnia BG 40015 01266283 Książka  
  Egz. niedostępny   Niedostępny Biblioteka Politechniki Koszalińskiej Biblioteka Politechniki Koszalińskiej   40017 01266306 Książka 12863
© 2023 Biblioteka Politechniki Koszalińskiej :: KOHA